000 00690cam a2200241 4500
001 J623
008 090401t xxu||||| |||| 00| 0 eng d
035 _a(Sirsi) u75828
041 _aeng
050 _a692.5
110 _aUnited Kingdom
_bProperty Services Agency
_91138
245 _aQuantity surveyors information. Note 32 (December 1990) - Note 40 (November 1992)
260 _aCroydon
_bProperty Services Agency
_c1990-92
300 _a9 pt. ; 30cm.
350 _a0
650 _aBUILT ENVIRONMENT-BUILDING COSTS
650 _aINDICES
650 _aBUILT ENVIRONMENT-QUANTITY SURVEYING
650 _aSTATISTICS
650 _aTENDER PRICES
942 _n0
948 _c04/03/1997
999 _c96081
_d96081